Trapped in The Net : The Unanticipated Consequences of Computerization /

Obra sobre los cambios y efectos de la computación en nuestras vidas, cómo han reducido o limitado nuestras decisiones, nuestras formas de control y nuetras experiencias con el mundo real, a partir de la pérdida de control sobre el uso del hardware, el software, los negocios y la interacción persona...

Ful tanımlama

Kaydedildi:
Detaylı Bibliyografya
Yazar: Rochlin, Gene I. (autor)
Materyal Türü: Kitap
Dil:İspanyolca
Baskı/Yayın Bilgisi: Princeton, EUA : Princeton University, 1997, c1997
Seri Bilgileri:(Princeton Paperbacks)
Konular:
Etiketler: Etiketle
Etiket eklenmemiş, İlk siz ekleyin!

MARC

LEADER 00000nam^a2200000^a^4500
001 000183735
005 20250521000000.0
009 20260310102051.416
020 |a 0-691-01080-3 
037 |a Acervo ITESO - Biblioteca 
041 |a ESP 
082 |a 303. 483  |b ROC 
100 |a Rochlin, Gene I.  |e (autor) 
245 1 0 |a Trapped in The Net :  |b The Unanticipated Consequences of Computerization /  |c G.I. Rochlin. 
264 4 |a Princeton, EUA :  |b Princeton University,  |c 1997, c1997 
300 |a XVI, 293 p. 
336 |a texto  |b txt  |2 rdacontenido 
337 |a sin mediación  |b n  |2 rdamedio 
338 |a volumen  |b nc  |2 rdasoporte 
440 1 |a (Princeton Paperbacks) 
520 |a Obra sobre los cambios y efectos de la computación en nuestras vidas, cómo han reducido o limitado nuestras decisiones, nuestras formas de control y nuetras experiencias con el mundo real, a partir de la pérdida de control sobre el uso del hardware, el software, los negocios y la interacción personal. 
649 |a XX 
650 |a Computadoras -  |x Aspectos Sociales y Culturales 
650 |a Robótica -  |x Aspectos Sociales y Culturales 
650 |a Internet -  |x Aspectos Sociales y Culturales 
650 |a Tecnologías de Comunicación e Información -  |x Aspectos Sociales y Culturales 
650 |a Tecnologías de Comunicación e Información -  |x Aspectos Sociales y Culturales 
650 |a Cultura Informática 
650 |a Desarrollo Tecnológico 
650 |a Tecnología y Sociedad 
910 |a Fondo General 
920 |a Impresos - Libros 
930 |a Colección General 
905 |a 101 
901 |a 0500124251  |b IT1  |c ACC  |u 20250521 
902 |a https://opac.biblio.iteso.mx/vufind/Record/000183735